LEADER 06270nam 2200697 450 001 9910790826803321 005 20230803022627.0 010 $a3-05-006497-8 024 7 $a10.1524/9783050064970 035 $a(CKB)2550000001169919 035 $a(EBL)1394767 035 $a(OCoLC)865330180 035 $a(SSID)ssj0001121202 035 $a(PQKBManifestationID)11623998 035 $a(PQKBTitleCode)TC0001121202 035 $a(PQKBWorkID)11159869 035 $a(PQKB)11573461 035 $a(MiAaPQ)EBC1394767 035 $a(DE-B1597)227124 035 $a(OCoLC)864305622 035 $a(DE-B1597)9783050064970 035 $a(Au-PeEL)EBL1394767 035 $a(CaPaEBR)ebr10820056 035 $a(CaONFJC)MIL551904 035 $a(EXLCZ)992550000001169919 100 $a20140104h20132013 uy| 0 101 0 $ager 135 $aur|n|---||||| 181 $ctxt 182 $cc 183 $acr 200 10$aConversations of intercultural couples /$fKellie Gonc?alves 210 1$aBerlin :$cAkademie Verlag,$d[2013] 210 4$d©2013 215 $a1 online resource (236 p.) 225 1 $aDiskursmuster = Discourse patterns ;$vBand 4 300 $aDescription based upon print version of record. 311 $a3-05-006055-7 311 $a1-306-20653-7 327 $t Frontmatter -- $tContents -- $tAcknowledgements -- $tTranscription conventions -- $t1. Introduction -- $t2. Data collection and participants -- $t3. Socio-historical and sociolinguistic background -- $t4. Identity -- $t5. Modes of positioning -- $t6. Language learning in a diglossic area -- $t7. Doing Swiss and performing hybridity: positioning of self and other and negotiating meaning -- $t8. Conclusion -- $t9. Appendices 330 $aDieses Buch ist eine empirische Studie, die individuelle Gründe für spezifische Sprachpraktiken und für die Verhandlung und Performanz hybrider Identitäten innerhalb der intimsten "Community of Practice (CofP)", der Ehe, untersucht. Die der Studie zugrundeliegenden Daten stammen zum einen aus ethnographischen Beobachtungen, die über drei Jahre durchgeführt wurden; zum anderen aus Interviews mit interkulturellen Paaren, genauer mit Personen englischer Muttersprache, die mit deutschsprachigen SchweizerInnen verheiratet sind und in einer diglossen Sprachregion in der Zentralschweiz leben. Die Studie nimmt eine interdisziplinäre Perspektive ein, welche sich dem soziokulturellen linguistischen Zugang zu Identität und der sozialpsychologischen Theorie des "Positioning" bedient. Der neuartige theoretische Ansatz dieses Buches besteht aus der Rekonzeptualisierung von Identität, da die emische Perspektive der UntersuchungsteilnehmerInnen miteinbezogen wird. Diese können sich nämlich nicht von der sozial konstruierten Idee einer stabilen Identität trennen, obwohl sie zugeben, Teil gewisser soziokultureller Darstellungen zu sein. Die Analyse zeigt, wie Individuen ihre statischen und dynamischen Identitäten diskursiv konstruieren. Weiter wird die Bedeutung expliziter wie auch impliziter Identitätsansprüche individueller TeilnehmerInnen hervorgehoben und durch die Unterscheidung zweier Arten von Identität - situated und situationalidentities - illustriert. Die Ansichten der TeilnehmerInnen selbst fügt eine weitere Ebene zu jeglicher soziologischen, anthropologischen und linguistischen Analyse von Menschen in Diasporas hinzu. Während postmoderne Definitionen Identität als multivalent betrachten und die interaktionale Soziolinguistik Identität als emergent versteht, wird hier für eine Auseinandersetzung mit Identität argumentiert, welche essentialistische Vorstellungen nicht verwirft, da sich Individuen selbst mehrheitlich als gefestigte und einheitliche Persönlichkeiten verstehen. This book presents an empirical study that examines individuals' reasons for specific language practices and investigates the negotiation and performances of hybrid identities within the most intimate community of practice (CofP), the marital unit. The data stem from ethnographic observation over a three-year period as well as recorded conversations with intercultural couples, namely Anglophones married to native German-speaking Swiss, who reside in central Switzerland, where a diglossic situation prevails. This study is placed within an interdisciplinary framework that draws on the sociocultural linguistic approach to identity and the social psychological theory of positioning. The novel approach on which this book focuses is the re-conceptualization of identity by considering participants' emic perspectives since individuals cannot part with the idea of a socially constructed notion of a stable identity despite admitting to engaging in certain socio-cultural practices. The analysis shows how individuals discursively construct their static and dynamic identities. It emphasizes the importance of individuals' explicit identity claims as well as their implicit identity claims illustrating a clear distinction between two types of identities, termed situated and situational. This book argues that participants' views add another level to any sociological, anthropological and linguistic analyses of diasporic individuals. While post-modern definitions of identity are understood as multivalent and interactional sociolinguistic studies view identity as emergent, this study shows that any discussion of identity should not discard the notion of essentialism since individuals more often construct themselves and each other as stable and unitary beings within the context of social interaction. 410 0$aDiskursmuster ;$vBd. 4. 606 $aInterethnic marriage 606 $aIntercountry marriage 606 $aCultural relations 606 $aInterracial marriage 606 $aRacially mixed people 615 0$aInterethnic marriage. 615 0$aIntercountry marriage. 615 0$aCultural relations. 615 0$aInterracial marriage. 615 0$aRacially mixed people. 676 $a306.44/609494 700 $aGoncalves$b Kellie$0913374 801 0$bMiAaPQ 801 1$bMiAaPQ 801 2$bMiAaPQ 906 $aBOOK 912 $a9910790826803321 996 $aConversations of intercultural couples$93697821 997 $aUNINA LEADER 01113nam a2200301 i 4500 001 991003013939707536 005 20250505133007.0 008 940614s1992 it er 001 0 ita 020 $a8804332670 035 $ab11095374-39ule_inst 035 $aPARLA173360$9ExL 040 $aBibl. Dip.le Aggr. Studi Umanistici - Sez. Filosofia$bita$dSocioculturale Scs 082 04$a270.1$223 100 1 $aRuggiero, Fabio$0297403 245 13$aLa follia dei cristiani :$bsu un aspetto della "reazione pagana" tra 1. e 5. secolo /$cFabio Ruggiero ; prefazione di Manlio Simonetti 260 $aMilano :$bIl Saggiatore,$c1992 300 $aXVI, 250 p. ;$c23 cm 490 1 $aLa cultura 650 4$aPaganesimo 650 4$aCristianesimo$xPersecuzione 700 1 $aSimonetti, Manlio 830 3$aLa cultura 907 $a.b11095374$b21-09-06$c28-06-02 912 $a991003013939707536 945 $aLE005 MF 36 I 6$g1$i2005000223679$lle005$o-$pE0.00$q-$rl$s-$t0$u2$v0$w2$x0$y.i11228209$z28-06-02 996 $aFollia dei cristiani$9287273 997 $aUNISALENTO 998 $ale005$b01-01-94$cm$da$e-$fita$git$h3$i1 LEADER 02235nam0 22004213i 450 001 CAG2085021 005 20251003044104.0 010 $a9788833190259 100 $a20210323d2019 ||||0itac50 ba 101 | $aita$ceng 102 $ait 181 1$6z01$ai $bxxxe 182 1$6z01$an 183 1$6z01$anc$2RDAcarrier 200 1 $aAnatomia umana$fFrederic H. Martini, Robert B. Tallitsch, Judi L. Nath$gcon William C. Ober ... [et al.]$grevisione a cura di Lucio Cocco ... [et al.] 205 $a7. ed 210 $aNapoli$cEdiSES$d2019 215 $aXXVIII, 790, [68] p.$cill. color.$d31 cm 300 $aIn copertina: Comprende versione ebook e software di simulazione 500 10$aHuman anatomy$3CAG0091760$9PUVV124125$93406468 606 $aAnatomia umana$2FIR$3PUVC038245$9I 676 $a611$9Anatomia, citologia, istologia umana$v22 676 $a611$9ANATOMIA, CITOLOGIA, ISTOLOGIA UMANA$v23 686 $aQS 39$c$2H 700 1$aMartini$b, Frederic H.$f <1947 >$3PUVV124125$4070$0747765 701 1$aNath$b, Judi L.$3RMLV077117$4070$0721759 701 1$aTallitsch$b, Robert B.$3UBOV841599$4070$0286593 702 1$aCocco$b, Lucio$3TSAV000955$4340 702 1$aOber$b, William C.$3UFIV121860$4070 801 3$aIT$bIT-000000$c20210323 850 $aIT-BN0095 $aIT-NA0070 901 $bNAP 01$cBCA $nComprende monografie e periodici di diritto, testi di ingegneria, di scienze e tecnologia di nuova acquisizione. 901 $bNAP BU$cCONS. $nConsultazione. 912 $aCAG2085021 950 0$aBiblioteca Centralizzata di Ateneo$b1 v. (3. copia)$c1 v. in tre copie$d 01BCA SC. MOTOR 16$e 01 0000123815 VMA 1 v. (LdT Prof.ssa Perna A.)$fB $h20230807$i20230807$b1 v. (3. copia)$c1 v. in tre copie$d 01BCA SC. MOTOR 16$e 01 0000137335 VMA (bis 1 v. (2. copia. - LdT Prof.ssa Perna A.)$fY $h20241126$i20241127$b1 v. (3. copia)$c1 v. in tre copie$d 01BCA SC. MOTOR 16$e 01 0000137345 VMA (ter 1 v. (3. copia. - LdT Prof.ssa Perna A.)$fY $h20241126$i20241127 977 $a 01$a BU 996 $aHuman anatomy$93406468 997 $aUNISANNIO